Pensamientos, máximas, aforismos y definiciones (Record no. 165314)
[ view plain ]
| 000 -LEADER | |
|---|---|
| campo de control de longitud fija | 01170nam a2200205 i 4500 |
| 001 - NÚMERO DE CONTROL | |
| campo de control | 165314 |
| 003 - IDENTIFICADOR DE NÚMERO DE CONTROL | |
| campo de control | ES-MaACL |
| 005 - FECHA Y HORA DE LA ÚLTIMA TRANSACCIÓN | |
| campo de control | 20251003164834.0 |
| 008 - DATOS DE LONGITUD FIJA--INFORMACIÓN GENERAL | |
| campo de control de longitud fija | 991117s1879 sp |||| | spa d |
| 040 ## - FUENTE DE CATALOGACIÓN | |
| Centro catalogador/agencia de origen | CCPB | B |
| Lengua de catalogación | spa |
| Centro/agencia transcriptor | CCPB | B |
| 100 1# - ENTRADA PRINCIPAL--NOMBRE DE PERSONA | |
| Nombre de persona | Shakespeare, William, |
| Fechas asociadas al nombre | 1564-1616 |
| 9 (RLIN) | 105992 |
| 245 10 - MENCIÓN DEL TÍTULO | |
| Título | Pensamientos, máximas, aforismos y definiciones |
| Resto del título | : entresacadas de todos los poemas, sonetos, comedias, historias y tragedias de William Shakspeare [sic] con adicion de los trozos más selectos contenidos en sus diversas obras / |
| Mención de responsabilidad, etc. | traduccion fiel de la edicion inglesa de E. Malone y ajustada á las interpretaciones de los primeros comentaristas del poeta por Matías de Velasco y Rojas. |
| 260 ## - PUBLICACIÓN, DISTRIBUCIÓN, ETC. | |
| Lugar de publicación, distribución, etc. | Madrid : |
| Nombre del editor, distribuidor, etc. | [s.n.], |
| Fecha de publicación, distribución, etc. | 1879 ( |
| Fabricante | Establecimientos tipográficos de M. Minuesa) |
| 300 ## - DESCRIPCIÓN FÍSICA | |
| Extensión | 85 p. ; |
| Dimensiones | 21 cm. |
| 700 1# - ENTRADA AGREGADA--NOMBRE PERSONAL | |
| Nombre de persona | Malone, Edmondo, |
| Fechas asociadas al nombre | 1741-1812 |
| 9 (RLIN) | 129397 |
| 700 1# - ENTRADA AGREGADA--NOMBRE PERSONAL | |
| Nombre de persona | Velasco y Rojas, Matías de, |
| Títulos y otros términos asociados al nombre | Marqués de Dos Hermanas, |
| Fechas asociadas al nombre | 1829-1900 |
| 9 (RLIN) | 113781 |
| 852 ## - LOCALIZACIÓN | |
| Ubicación | ES-MaACL |
| Número de control de estantería | T-931-F-3 |
| Nota libre | -- Enc. hol., conservando la cub. original |
| -- | -- Enc. en un vol. facticio |
| -- | .- Donat. del Ministerio de Fomento |
| Estatus retirado | Estado de pérdida | Estado de daño | No para préstamo | Colección | Biblioteca de origen | Biblioteca actual | Ubicación en estantería | Fecha de adquisición | Total de préstamos | Signatura topográfica completa | Código de barras | Visto por última vez | Precio de reemplazo | Tipo de ítem Koha |
|---|---|---|---|---|---|---|---|---|---|---|---|---|---|---|
| Colección de folletos | Biblioteca del Ateneo de Madrid | Biblioteca del Ateneo de Madrid | Depósito folletos | 17/01/2008 | T-931-F-3 | 1173349 | 23/02/2023 | 23/02/2023 | Folleto |
